Biblioteca

Los deportes (Registro nro. 70108)

Detalles MARC
000 -LÍDER
Campo fijo de descripción fija 01019nam a22002897i 4500
001 - NÚMERO DE CONTROL
Campo de control BINCO
003 - IDENTIFICADOR DEL NÚMERO DE CONTROL
Campo de control CO-MdBIC
005 - FECHA Y HORA DE LA ULTIMA TRANSACCIÓN
control field 20240610173212.0
008 - ELEMENTOS DE LONGITUD FIJA -- INFORMACIÓN GENERAL
Campo fijo de descripción fija -- Información general 240610t |||a|||| |||| 00| 0 eng d
020 ## - NÚMERO INTERNACIONAL NORMALIZADO PARA LIBROS
Número Internacional Normalizado del libro 0-528-837419
040 ## - FUENTE DE CATALOGACIÓN
Idioma de catalogación spa.
Agencia que realiza la transcripción CO-MdBIC
041 ## - CÓDIGO DE IDIOMA
Código de idioma para texto/pista de sonido o título separado spa
082 ## - NÚMERO DE CLASIFICACIÓN DECIMAL DEWEY
Número de la edición del Dewey 23
Número de clasificación 796
Clave de autor-Numero de item J22
100 ## - ASIENTO PRINCIPAL--NOMBRE PERSONAL
Nombre personal Jaeggi, Chris,
245 #4 - TÍTULO
Título del Material Los deportes
Mención de responsabilidad, etc. / Chris Jaeggi ; ilustrado por Meyer Seltzer ; traducido por Eugenia DeHoogh y Tatiana Davidson
260 ## - PUBLICACIÓN, DISTRIBUCIÓN, ETC. (PIE DE IMPRENTA)
Lugar de publicación, distribución, etc. Illinois, Estados Unidos
Nombre del editor, distribuidor, etc. Rand McNally
Fecha de publicación, distribución, etc. [1995]
264 ## - PRODUCCIÓN, PUBLICACIÓN, DISTRIBUCIÓN, MANUFACTURA, Y COPYRIGHT
Fecha de producción, publicación, distribución, manufactura, o copyright ©1995
300 ## - DESCRIPCIÓN FÍSICA
Extensión 24 páginas :
Otros detalles físicos ilustaraciones a color ;
Dimensiones 20 cm.
490 ## - MENCIÓN DE SERIE
Mención de serie Yo sé sobre
501 ## - NOTA DE “CON”
Nota de Contenido Describe cómo, en qué estaciones y en qué entornos se practican muchos deportes diferentes, incluidos béisbol, baloncesto, hockey, tenis, natación y más.
690 ## - CAMPO LOCAL DE ACCESO TEMÁTICO
Término temático o nombre geográfico como elemento de entrada Deportes
690 ## - CAMPO LOCAL DE ACCESO TEMÁTICO
Término temático o nombre geográfico como elemento de entrada Literatura juvenil
700 ## - ASIENTO SECUNDARIO - NOMBRE PERSONAL
Nombre personal Seltzer, Meyer,
Responsabilidad ilustrador
700 ## - ASIENTO SECUNDARIO - NOMBRE PERSONAL
Nombre personal DeHoogh, Eugenia,
Responsabilidad traductora
700 ## - ASIENTO SECUNDARIO - NOMBRE PERSONAL
Nombre personal Davidson, Tatiana,
Responsabilidad traductora
942 ## - TIPO DE MATERIAL (KOHA)
Tipo de Item KOHA Z- Libro General BINCO
Existencias
Estado de Material Estado de Perdido Forma de Clasificación Estado de Dañado No para Préstamo Colección Biblioteca de Origen Biblioteca Permanente Fecha de Adquisición Total de Préstamos Signatura Topográfica Código de Barras Última vez visto Fecha de Remplazo Tipo de Material
    Dewey Decimal Classification     Colección Junior Biblioteca Infantil Comunitaria BINCO Biblioteca Infantil Comunitaria BINCO 10/06/2024   796 J22 B00016 10/06/2024 10/06/2024 Z- Libro General BINCO

Biblioteca FUSBC | Teléfono: (57+4) 349 88 10 Ext. 141| WhatsApp (+57) 3005338115 
E-mail: biblioteca@unisbc.edu.co | Calle 76 87-14 Robledo Palenque, Medellín, Colombia

Con tecnología Koha